| 000 | 00902nam a22003017a 4500 | ||
|---|---|---|---|
| 003 | CHAP | ||
| 005 | 20220817041924.0 | ||
| 008 | 971013s1982 r 00010 d | ||
| 010 | _a28810 | ||
| 011 | _a29782 | ||
| 035 | _a33893 | ||
| 040 | _cCHAP | ||
| 082 |
_a632.58 _bL4 |
||
| 100 | 0 | 0 |
_aLe Baron, Homer M. _965232 |
| 245 | _aHerbicide resistance in plants | ||
| 260 |
_aNew York : _bWiley, _c1982 |
||
| 300 |
_a401 p. _b: ilus. |
||
| 590 |
_aBATCH-UPD _b10 _c20130110 _lUCH01 _h0215 |
||
| 590 |
_aBATCH-UPD _b10 _c20130110 _lUCH01 _h0909 |
||
| 590 |
_aCONVERSION _b10 _c20130109 _lUCH01 _h1316 |
||
| 650 | 1 | 4 |
_aHerbicidas. _953691 |
| 650 | 1 | 4 |
_aMalas hierbas _xResistencia a herbicidas. |
| 650 | 1 | 4 |
_aPesticidas _xEfecto en plantas. _987553 |
| 700 | 0 |
_aGressel, Jonathan. _950641 |
|
| 901 | _aBK | ||
| 942 | _cLIBRO | ||
| 949 |
_a632.58 L4 _bBC _cLIBRO _d33724000178802 _eLIBRO _h58443 _i33893 _si _t6.21 |
||
| 999 |
_c28810 _d28810 |
||